Tâm lí học Liên-xô Tuyển tập các bài báo, những vấn đề lịch sử tâm lí học, tâm lí học đại cương, tâm lí học thần kinh, tâm lí học sư phạm
Đã lưu trong:
| Formáid: | Leabhar |
|---|---|
| Teanga: | Undetermined |
| Foilsithe: |
Hà Nội
Tiến bộ
1978
|
| Ábhair: | |
| Clibeanna: |
Cuir Clib Leis
Gan Chlibeanna, Bí ar an gcéad duine leis an taifead seo a chlibeáil!
|
| Thư viện lưu trữ: | Trung tâm Học liệu Trường Đại học Cần Thơ |
|---|
| LEADER | 00640nam a2200169Ia 4500 | ||
|---|---|---|---|
| 001 | CTU_5223 | ||
| 008 | 210402s9999 xx 000 0 und d | ||
| 082 | |a 150 | ||
| 082 | |b T120 | ||
| 245 | 0 | |a Tâm lí học Liên-xô | |
| 245 | 0 | |b Tuyển tập các bài báo, những vấn đề lịch sử tâm lí học, tâm lí học đại cương, tâm lí học thần kinh, tâm lí học sư phạm | |
| 245 | 0 | |c Hồ Thanh Bình, Phạm Minh Hạc | |
| 260 | |a Hà Nội | ||
| 260 | |b Tiến bộ | ||
| 260 | |c 1978 | ||
| 650 | |a psychology | ||
| 980 | |a Trung tâm Học liệu Trường Đại học Cần Thơ | ||